Edutainment (Record no. 2740)

MARC details
000 -LEADER
fixed length control field 00512nam a2200169Ia 4500
008 - FIXED-LENGTH DATA ELEMENTS--GENERAL INFORMATION
fixed length control field 130320s9999 xx 000 0 und d
100 ## - MAIN ENTRY--PERSONAL NAME
Personal name Antra Sinha
245 ## - TITLE STATEMENT
Title Edutainment
502 ## - DISSERTATION NOTE
Degree type B Tech
Year degree granted EXT
-- Jyotis S.V
-- Cochin University of Science and Technology, Kerala
650 ## - SUBJECT ADDED ENTRY--TOPICAL TERM
Topical term or geographic name entry element EDUCATIONAL GRID
650 ## - SUBJECT ADDED ENTRY--TOPICAL TERM
Topical term or geographic name entry element E-LEARING
650 ## - SUBJECT ADDED ENTRY--TOPICAL TERM
Topical term or geographic name entry element GLOBAL POSITIONING SYSTEM
650 ## - SUBJECT ADDED ENTRY--TOPICAL TERM
Topical term or geographic name entry element INTERACTIVE SELF LEARNING MODULE
700 ## - ADDED ENTRY--PERSONAL NAME
Personal name Anupam Bhattacharya
700 ## - ADDED ENTRY--PERSONAL NAME
Personal name Jincen E Mathew
700 ## - ADDED ENTRY--PERSONAL NAME
Personal name Pylee Varghese M
Holdings
Withdrawn status Lost status Damaged status Not for loan Home library Current library Date acquired Total Checkouts Barcode Date last seen Price effective from Koha item type
        IIITM-K Kerala University of Digital Sciences, Innovation and Technology Knowledge Centre 20/03/2013   R-152 20/03/2013 20/03/2013 Project Reports